000 00917nam a22002417a 4500
999 _c63913
_d63913
005 20240530110705.0
008 171225s2015 ua a g b 000 0dara d
017 _a2015/15795
_bمصر. دار الكتب
020 _a9789779104317
040 _aEG-CaGPL
_cEG-CaGPL
082 0 4 _221
_a306.489
_bق/إ ف
100 0 _aايمان مهران
245 1 0 _aفنون التشكيل الشعبى والمجتمع العربى :
_bرؤية مستقبلية للتنمية /
_cايمان مهران .
250 _aط.1
260 _aالقاهرة :
_bالهيئة المصرية العامة للكتاب ،
_c2015 .
300 _a225 ص. ؛
_c24 سم.
490 0 _aسلسلة الثقافة الشعبية ؛
_v18
650 0 7 _2qrmak
_aالفنون التشكيلية
650 0 7 _2qrmak
_aالفن والمجتمع
651 _2qrmak
942 _2ddc
_cBK